| 000 | 00516nam a2200145Ia 4500 | ||
|---|---|---|---|
| 008 | 150609s9999 xx 000 0 und d | ||
| 050 |
_aHF 5410 _b.C388 2015 |
||
| 100 | _aCecilio, Jud Benjamin P. | ||
| 245 |
_aOrder management system for toperio's catering / _cJud Benjamin p. Cecilio. |
||
| 260 |
_aLas PiƱas, Philippines : _bSISC, _c2015. |
||
| 300 |
_a123 pages : _billustrations ; _c28 cm. |
||
| 500 | _aIncludes bibliographical references and appendices. | ||
| 650 | _aPurchasing | ||
| 650 | _xManagement System | ||
| 999 |
_c285077 _d285077 |
||